Marine conservation (Record no. 12262)

000 -LEADER
fixed length control field 00470nam a22001697a 4500
008 - FIXED-LENGTH DATA ELEMENTS--GENERAL INFORMATION
fixed length control field 220908b ||||| |||| 00| 0 eng d
020 ## - INTERNATIONAL STANDARD BOOK NUMBER
International Standard Book Number 9781108412629
082 ## - DEWEY DECIMAL CLASSIFICATION NUMBER
Classification number 333.916416
Item number PRO
100 ## - MAIN ENTRY--PERSONAL NAME
Personal name Probert, P. Keith
245 ## - TITLE STATEMENT
Title Marine conservation
260 ## - PUBLICATION, DISTRIBUTION, ETC. (IMPRINT)
Place of publication, distribution, etc New York
Name of publisher, distributor, etc Cambridge University Press
Date of publication, distribution, etc 2017
300 ## - PHYSICAL DESCRIPTION
Extent x, 508p.
650 ## - SUBJECT ADDED ENTRY--TOPICAL TERM
Topical term or geographic name as entry element Marine resources conservation
650 ## - SUBJECT ADDED ENTRY--TOPICAL TERM
Topical term or geographic name as entry element Marine biology
650 ## - SUBJECT ADDED ENTRY--TOPICAL TERM
Topical term or geographic name as entry element Marine biodiversity conservation
942 ## - ADDED ENTRY ELEMENTS (KOHA)
Item type Books
Holdings
Withdrawn status Lost status Source of classification or shelving scheme Damaged status Not for loan Collection code Permanent location Current location Shelving location Date acquired Full call number Barcode Date last seen Koha item type Public note
          Non-fiction IMU-MPC Library IMU-MPC Library General Stacks 2022-09-08 333.916416 PRO MPC6616 2025-03-17 Books Column-2
Copyright © 2021 Indian Maritime University, Mumbai Port Campus. All Rights Reserved. Managed & Maintained by Central Library, IMU-Mumbai

webs counters

Powered by Koha